00401nam a2200133 a 4500008004100000020001800041050001700059100002500076245007600101250001600177260002500193300003500218650001400253210211s2003 xx |||||||||||||| || u a9780536728159 aHB 171.5 Kre aKreinin, Mordechai E10aEconomics : an introductory text (4th edition)cBy Mordechai E. Kreinin a4th edition abPearson-Hallc2003 axiv, 498 pages : illustrations 0aECONOMICS